00321nam a2200109Ia 4500008004100000082000800041100001600049245002700065942000600092952009800098999001500196240331s9999 xx 000 0 und d bFEM aElam, D. ed 0aFeminism Beside itself cL 001040708LaWERCLbWERCLcSSCd2024-03-31l0o 305.42 FEMp2418r2024-03-31w2024-03-31yL c1905d1905